[Event "Titled Tue 1st Jul Late"]
[Site "chess.com INT"]
[Date "2025.07.01"]
[Round "4"]
[White "Svane, Rasmus"]
[Black "Dubnevych, Maksym"]
[Result "0-1"]
[WhiteTitle "GM"]
[BlackTitle "FM"]
[WhiteElo "2626"]
[BlackElo "2296"]
[WhiteFideId "4657101"]
[BlackFideId "14184001"]
[EventDate "2025.07.01"]

1. Nf3 d5 2. g3 c5 3. Bg2 Nc6 4. d4 Nf6 5. O-O e6 6. c4 dxc4 7. Qa4 Bd7 8. Qxc4
b5 9. Qc3 b4 10. Qd3 cxd4 11. Nxd4 Rc8 12. Nxc6 Bxc6 13. Qxd8+ Kxd8 14. Rd1+ Ke8
15. Be3 Bxg2 16. Kxg2 Bc5 17. Rc1 Nd7 18. a3 b3 19. Rc3 Ke7 20. Rxb3 Bxe3 21.
Rxe3 Rc2 22. Nc3 Rxb2 23. Nd5+ Kd6 24. Nb4 Rd2 25. Rc1 a5 26. Rc6+ Ke7 27. Nd3
Rb8 28. Ra6 Rb5 29. Ra7 Rd5 30. f4 Kf6 31. Nf2 Kg6 32. Kf3 h5 33. Rd3 e5 34.
Rxd2 Rxd2 35. Rxa5 exf4 36. gxf4 Nf6 37. a4 Ra2 38. Ra6 Ra3+ 39. Nd3 Kf5 40.
Ra5+ Ke6 41. h3 Nd5 42. Ra6+ Ke7 43. a5 f5 44. Kf2 h4 45. Ra7+ Kd6 46. Rxg7 Rxa5
47. Rg6+ Ke7 48. Rh6 Ra2 49. Kf3 Nc3 50. e3 Rd2 51. Nf2 Kf7 52. Rxh4 Kg6 53. Rh8
Ra2 54. Rc8 Nb1 55. Rc6+ Kh5 56. Kg3 Nd2 57. Rf6 Ra5 58. Nd3 Ne4+ 59. Kf3 Nxf6
60. Ne5 Ne4 61. Nc4 Ra2 0-1

[Event "Titled Tue 1st Jul Late"]
[Site "chess.com INT"]
[Date "2025.07.01"]
[Round "4"]
[White "Itkis, Boris"]
[Black "Stevik, Patrik"]
[Result "1/2-1/2"]
[WhiteTitle "IM"]
[BlackTitle "FM"]
[WhiteElo "2270"]
[BlackElo "2314"]
[WhiteFideId "1209167"]
[BlackFideId "14944812"]
[EventDate "2025.07.01"]

1. e4 e5 2. d4 exd4 3. Qxd4 Nc6 4. Qe3 Nf6 5. Nc3 Bb4 6. Bd2 O-O 7. O-O-O Re8 8.
Bc4 Na5 9. Be2 d5 10. Nxd5 Nxd5 11. Qd4 Bxd2+ 12. Qxd2 Rxe4 13. Bf3 Nc4 14. Qxd5
Qxd5 15. Rxd5 Re1+ 16. Rd1 Rxd1+ 17. Bxd1 Bf5 18. Nf3 Rd8 19. Be2 Nd6 20. Rd1
Re8 21. Nd4 Be4 22. Bf3 g6 23. Bxe4 Nxe4 24. f3 Nc5 25. c3 c6 26. Kd2 Kg7 27.
Re1 Rd8 28. Kc2 Kf6 29. b4 Nd7 30. Kb3 Ne5 31. a4 h5 32. a5 h4 33. a6 bxa6 34.
Rxe5 h3 35. gxh3 Rh8 36. Rc5 Rxh3 37. Rxc6+ Ke5 38. Rxa6 Rxh2 39. Rxa7 f5 40. b5
Rh1 41. b6 Rb1+ 42. Kc4 Rxb6 43. Re7+ Kf6 44. Re1 g5 45. Kd5 Rb8 46. Re6+ Kf7
47. Re5 Rd8+ 48. Kc4 Kg6 49. Kb3 g4 50. fxg4 fxg4 51. Re1 Kh5 52. Nb5 Kh4 53. c4
g3 54. c5 g2 55. c6 Rf8 56. Rg1 Kh3 57. c7 Kh2 58. Rxg2+ Kxg2 59. Nd6 Kf3 60.
c8=Q Rxc8 61. Nxc8 1/2-1/2

[Event "Titled Tue 1st Jul Late"]
[Site "chess.com INT"]
[Date "2025.07.01"]
[Round "4"]
[White "Rajaram, Rohan"]
[Black "Brancaleoni, Maurizio"]
[Result "1-0"]
[WhiteTitle "CM"]
[BlackTitle "FM"]
[WhiteElo "2164"]
[BlackElo "2185"]
[WhiteFideId "30940729"]
[BlackFideId "803022"]
[EventDate "2025.07.01"]

1. d4 Nf6 2. Nf3 b6 3. Bf4 Bb7 4. e3 g6 5. h3 Bg7 6. Nbd2 O-O 7. c3 d6 8. Bd3
Nbd7 9. O-O Re8 10. Bh2 e5 11. dxe5 dxe5 12. Bc2 Qe7 13. Qe2 Rad8 14. Rad1 h6
15. Nb3 Ne4 16. Qc4 Ndc5 17. Nxc5 Nxc5 18. b4 Ba6 19. b5 Bb7 20. Kh1 Bxf3 21.
gxf3 Qf6 22. f4 e4 23. Rd4 Qf5 24. Rxd8 Rxd8 25. Kg2 Rd2 26. Bb1 Qd5 27. Qxd5
Rxd5 28. f5 gxf5 29. Bxc7 Bxc3 30. f3 Be5 31. Bxe5 Rxe5 32. Rd1 exf3+ 33. Kxf3
Kf8 34. Rd8+ Re8 35. Rd6 Re6 36. Rd5 Ne4 37. Bc2 Ng5+ 38. Ke2 f4 39. e4 Nxe4 40.
Kf3 Ng5+ 41. Kxf4 Kg7 42. h4 Nh3+ 43. Kg4 Nf2+ 44. Kf3 Nh3 45. Bf5 Rf6 46. Kg3
Ng1 47. Bg4 h5 48. Rxh5 Kf8 49. Rh8+ Ke7 50. Rc8 Rd6 51. Rc7+ Kf6 52. Rc1 Rd2
53. Rxg1 Rd3+ 54. Bf3 Rd4 55. Rc1 Ke5 56. Rc7 Rd6 57. Rxa7 Rg6+ 58. Kf2 Kf4 59.
Rxf7+ Ke5 60. h5 Kd4 61. hxg6 1-0

[Event "Titled Tue 1st Jul Late"]
[Site "chess.com INT"]
[Date "2025.07.01"]
[Round "4"]
[White "Vetokhin, Savva"]
[Black "Tatarinov, Dmitry"]
[Result "1-0"]
[WhiteTitle "GM"]
[BlackTitle "FM"]
[WhiteElo "2570"]
[BlackElo "2318"]
[WhiteFideId "44144474"]
[BlackFideId "24160067"]
[EventDate "2025.07.01"]

1. d4 Nf6 2. c4 e6 3. Nc3 d5 4. cxd5 exd5 5. Bg5 Be7 6. e3 c6 7. Bd3 Nbd7 8. Nf3
O-O 9. O-O Re8 10. h3 a5 11. Qc2 h6 12. Bf4 b5 13. Ne5 Bb7 14. Bg3 Rc8 15. Nxd7
Nxd7 16. Rae1 b4 17. Na4 c5 18. dxc5 Nxc5 19. Nxc5 Bxc5 20. Qd2 Qb6 21. Bb1 d4
22. e4 b3 23. a3 a4 24. Bd3 Ba6 25. Rc1 Bxd3 26. Qxd3 Bf8 27. Rfd1 Qg6 28. Rxc8
Rxc8 29. Qxd4 Qc6 30. Kh2 Be7 31. Qa7 Qxe4 32. f3 Qe6 33. Re1 Bc5 34. Qxa4 Qb6
35. Qg4 Rd8 36. Be5 g6 37. Bc3 Bd4 38. Bxd4 Rxd4 39. Qc8+ Kg7 40. Qc3 Kh7 41.
Kh1 h5 42. Qe3 h4 43. Qe7 Kg7 44. Qe5+ Qf6 45. Qxf6+ Kxf6 46. Re3 Kf5 47. Kh2
Rd2 48. Rxb3 g5 49. Rb4 Ke5 50. a4 f5 51. a5 Rd1 52. Ra4 Rb1 53. a6 g4 54. fxg4
fxg4 55. Rxg4 Rxb2 56. Ra4 Rb8 57. a7 Ra8 58. Ra5+ Kd6 59. Ra4 Kc6 60. g4 Kb5
61. Ra1 Kb6 62. g5 Kb7 63. g6 Rg8 64. a8=Q+ Rxa8 65. Rxa8 Kxa8 66. g7 Kb7 67.
g8=Q 1-0

[Event "Titled Tue 1st Jul Late"]
[Site "chess.com INT"]
[Date "2025.07.01"]
[Round "4"]
[White "Angulo Perez, Sebastian"]
[Black "Taranenko, Evgueniy"]
[Result "0-1"]
[WhiteTitle "CM"]
[WhiteElo "2025"]
[BlackElo "2201"]
[WhiteFideId "6544045"]
[BlackFideId "14122138"]
[EventDate "2025.07.01"]

1. e4 Nc6 2. Nf3 d5 3. exd5 Qxd5 4. Nc3 Qa5 5. d4 Bg4 6. Bb5 O-O-O 7. Bxc6 bxc6
8. Be3 e5 9. O-O exd4 10. Bxd4 c5 11. b4 cxb4 12. Ne4 Qd5 13. Neg5 h6 14. c4 Qd7
15. h3 hxg5 16. hxg4 Qxg4 17. Qa4 Bd6 18. Qa6+ Kd7 19. Qb5+ Ke7 20. Rfe1+ Kf8
21. Qxg5 Qxg5 22. Nxg5 Nf6 23. Bxf6 gxf6 24. Nf3 Re8 25. Red1 Re4 26. Rac1 Rg4
27. c5 Be5 28. Rd8+ Kg7 29. Rd7 Rg6 30. Rcd1 Rgh6 31. Kf1 Rh1+ 32. Ke2 Rxd1 33.
Kxd1 Rh1+ 34. Ke2 Ra1 35. Rd2 Bc3 36. Rc2 Rb1 37. Kd3 Rg1 38. g3 Rd1+ 39. Kc4
Rd7 40. Kb5 Re7 41. Nh4 Re5 42. f4 Rd5 43. Nf3 Kf8 44. a3 Rd3 45. Nh2 b3 46. Rc1
b2 47. Rb1 Rd2 48. Kc4 Rc2 49. Kb3 Rc1 50. Ka2 Rxb1 51. Kxb1 Ke7 52. Nf3 Ke6 53.
Kc2 Ba5 54. Kxb2 Kd5 55. Nh4 Kxc5 56. Kb3 Kd5 57. Nf3 Ke4 58. Nd2+ Bxd2 59. Kc4
Be1 60. g4 Kxf4 61. Kd5 Kxg4 62. Kc6 Bf2 63. Kxc7 f5 64. Kb7 f4 65. a4 f3 66. a5
Be3 67. Kc6 f2 68. Kd5 f1=Q 69. Ke4 Bb6 70. axb6 axb6 71. Kd5 f5 72. Kc6 f4 73.
Kxb6 f3 74. Kc5 f2 75. Kd4 Qe1 76. Kd3 f1=Q+ 77. Kd4 Qf4+ 78. Kd5 Qee5+ 79. Kc6
Qff6+ 80. Kd7 Qee7+ 81. Kc8 Qff8# 0-1

[Event "Titled Tue 1st Jul Late"]
[Site "chess.com INT"]
[Date "2025.07.01"]
[Round "4"]
[White "Grutter, Tim"]
[Black "Lizak, Jakub"]
[Result "1-0"]
[WhiteTitle "IM"]
[BlackTitle "CM"]
[WhiteElo "2404"]
[BlackElo "2219"]
[WhiteFideId "1057472"]
[BlackFideId "1158520"]
[EventDate "2025.07.01"]

1. e4 c5 2. Nf3 Nc6 3. Bc4 e6 4. O-O d5 5. exd5 exd5 6. Bb5 Nf6 7. d4 Be7 8.
dxc5 O-O 9. Be3 Ne4 10. c4 dxc4 11. Bxc4 Bxc5 12. Bxc5 Nxc5 13. Nc3 Bg4 14. Qxd8
Raxd8 15. Ng5 h6 16. Nf3 Bxf3 17. gxf3 Rd4 18. Bd5 Nb4 19. Rad1 Rf4 20. Kg2 Nbd3
21. Rd2 b6 22. Rfd1 Ne5 23. Be4 f5 24. Bd5+ Kh7 25. Ne2 Rh4 26. f4 Ng6 27. Rd4
Re8 28. Bf3 Rxe2 29. Bxe2 Nxf4+ 30. Kf1 g5 31. b4 Ne4 32. Bf3 Nf6 33. Rd6 Kg6
34. Rc1 g4 35. Bb7 Rxh2 36. Rc8 Nh5 37. Rg8+ Kf7 38. Rh8 g3 39. fxg3 Nxg3+ 40.
Ke1 Ng4 41. Rd7+ Ke6 42. Bc8 Re2+ 43. Kd1 Ne3+ 44. Kc1 Ke5 45. Re8+ Kf4 46. Rd4+
Kf3 47. Ba6 Rc2+ 48. Kb1 Ne2 49. Bb7+ Kf2 50. Rd3 Rc1+ 51. Kb2 Nd1+ 52. Ka3 Rc3+
53. Rxc3 Ndxc3 54. Kb3 Nd1 55. Rf8 f4 56. Ba6 f3 57. Bb7 Nd4+ 58. Kc4 Ke3 59.
Re8+ Kd2 60. Kxd4 f2 61. Rf8 Ke1 62. Ba6 h5 63. Rf5 h4 64. Rh5 1-0

[Event "Titled Tue 1st Jul Late"]
[Site "chess.com INT"]
[Date "2025.07.01"]
[Round "4"]
[White "Mizzi, Jack"]
[Black "Dyachuk, Artem"]
[Result "1/2-1/2"]
[WhiteTitle "CM"]
[BlackTitle "FM"]
[WhiteElo "2107"]
[BlackElo "2374"]
[WhiteFideId "5602521"]
[BlackFideId "34107924"]
[EventDate "2025.07.01"]

1. d4 Nf6 2. c4 e6 3. Nf3 d5 4. g3 Be7 5. Bg2 O-O 6. Nbd2 c5 7. O-O Nc6 8. cxd5
exd5 9. dxc5 Bxc5 10. Nb3 Bb6 11. a4 a6 12. Bg5 h6 13. Bf4 Ne4 14. Nbd4 Qf6 15.
Nxc6 bxc6 16. Qc2 Bf5 17. Qb3 Ba7 18. Rac1 Rfe8 19. a5 g5 20. Be5 Rxe5 21. Nxe5
Qxe5 22. Qb7 Qe8 23. Qxc6 Be6 24. Qxe8+ Rxe8 25. Rc6 Rb8 26. Rxa6 Bd4 27. e3 Be5
28. Rb6 Ra8 29. a6 Nc5 30. Ra1 Ra7 31. Ra3 Kg7 32. b4 Nd7 33. Rb7 Rxb7 34. axb7
g4 35. Bf1 Kf6 36. Ra6 Nb8 37. Ra8 Ke7 38. Bg2 Kd7 39. Ra5 Kd6 40. Kf1 h5 41.
Ra8 Kc6 42. Ra5 Bc7 43. Rc5+ Kd6 44. Rc1 Bd7 45. b5 Bxb5+ 46. Kg1 Bc6 47. h3
Bxb7 48. Rb1 Bc6 49. hxg4 hxg4 50. Bf1 Nd7 51. Be2 Ne5 52. Ra1 Bd8 53. Kf1 Bf6
54. Ra7 Ke6 55. Rc7 Bd7 56. Ra7 Kd6 57. Ra6+ Nc6 58. Bb5 Be5 59. Be2 f6 60. Ke1
Bc3+ 61. Kf1 Be5 62. Ra8 Ke7 63. Ra6 Kd6 1/2-1/2

[Event "Titled Tue 1st Jul Late"]
[Site "chess.com INT"]
[Date "2025.07.01"]
[Round "4"]
[White "Volodin, Alexandr E."]
[Black "Guerrero Cataldo, Juan Andres"]
[Result "1/2-1/2"]
[WhiteTitle "FM"]
[BlackTitle "CM"]
[WhiteElo "2344"]
[BlackElo "2082"]
[WhiteFideId "34268871"]
[BlackFideId "3421260"]
[EventDate "2025.07.01"]

1. d4 d6 2. e4 Nd7 3. Nc3 e5 4. Nf3 Be7 5. Bc4 Ngf6 6. h3 O-O 7. Be3 c6 8. a4 a5
9. O-O h6 10. Qd2 Re8 11. Rad1 Bf8 12. Rfe1 Qc7 13. Bb3 exd4 14. Bxd4 Ne5 15.
Qe3 Be6 16. Nxe5 dxe5 17. Bb6 Qb8 18. Bxe6 Rxe6 19. Rd8 Qxd8 20. Bxd8 Rxd8 21.
Rd1 Rxd1+ 22. Nxd1 Rd6 23. Nc3 Rd7 24. Kf1 Bb4 25. Ke2 Kh7 26. g4 g6 27. Qg3 Kg7
28. h4 Re7 29. g5 hxg5 30. hxg5 Nh5 31. Qf3 Nf4+ 32. Kf1 Rd7 33. Na2 Be7 34. Kg1
Bxg5 35. b4 axb4 36. Nxb4 Rd4 37. Nd3 Nxd3 38. cxd3 Rxa4 39. Qd1 Rd4 40. Qb3 b5
41. Qc3 b4 42. Qxc6 Rxd3 43. Qb5 Rd4 44. Qxe5+ Bf6 45. Qb5 Rd1+ 46. Kg2 Rb1 47.
e5 Be7 48. Qd3 Re1 49. Qd4 Kf8 50. e6 fxe6 51. Qh8+ Kf7 52. Qh7+ Ke8 53. Qxg6+
Kd7 54. Qd3+ Ke8 55. Qb5+ Kf7 56. Qh5+ Kf8 57. Qh8+ Kf7 58. Qh7+ Ke8 59. Qg6+
Kd7 60. Qd3+ Ke8 61. Qc4 Re5 62. Kf1 Rd5 63. Kg2 Kf7 64. f4 Rf5 65. Qd4 Bf6 66.
Qd7+ Be7 67. Qd4 Rf6 68. Qe4 Rf5 69. Qd4 1/2-1/2

[Event "Titled Tue 1st Jul Late"]
[Site "chess.com INT"]
[Date "2025.07.01"]
[Round "4"]
[White "Garcia Hernandez, Rebeca"]
[Black "Clawitter, Craig"]
[Result "1/2-1/2"]
[WhiteTitle "WCM"]
[WhiteElo "1904"]
[BlackElo "2050"]
[WhiteFideId "5180872"]
[BlackFideId "2023105"]
[EventDate "2025.07.01"]

1. Nf3 Nf6 2. g3 d5 3. Bg2 e6 4. O-O Be7 5. b3 O-O 6. Bb2 c5 7. d4 Nc6 8. Nbd2
Re8 9. c4 cxd4 10. Nxd4 Bc5 11. N2f3 Nxd4 12. Bxd4 Bxd4 13. Qxd4 dxc4 14. Qxc4
Qd5 15. Qc2 Bd7 16. Rad1 Qc6 17. Qb2 Qb6 18. Ne5 Rad8 19. Nc4 Qc7 20. Nd6 Re7
21. Nxb7 Rb8 22. Nd6 Nd5 23. Nc4 Bc6 24. e4 Nb4 25. Qe2 Bb5 26. Rc1 Rd8 27. Rfd1
Red7 28. Rxd7 Rxd7 29. Rd1 h6 30. Rxd7 Qxd7 31. a3 Nc6 32. a4 Nd4 33. Qd3 Ba6
34. Bf1 f6 35. Kg2 e5 36. Qd1 Bc8 37. Qd3 Qh3+ 38. Kg1 Qh5 39. Kg2 Bh3+ 40. Kg1
Nf3+ 41. Kh1 Bg4 42. h4 Nxh4 43. gxh4 Qxh4+ 44. Kg1 Qg5 45. Qg3 h5 46. f3 Bxf3
47. Qxg5 fxg5 48. Kf2 Bxe4 49. Nxe5 Bd5 50. Bc4 Bxc4 51. Nxc4 Kf7 52. Kg3 Ke6
53. Na5 Kd5 54. Nc4 Kc5 55. Ne5 Kb4 56. Nc6+ Kxb3 57. Nxa7 Kxa4 58. Nc6 Kb5 59.
Ne5 Kc5 60. Nf7 g4 61. Kh4 g6 62. Ne5 Kd5 63. Nxg6 Ke4 64. Kg3 Kf5 65. Ne7+ Kg5
66. Nd5 h4+ 67. Kg2 Kf5 68. Ne3+ Kf4 69. Nxg4 Kxg4 70. Kh2 h3 71. Kh1 Kh4 72.
Kh2 Kg4 73. Kh1 Kg3 74. Kg1 Kf3 75. Kh2 Kg4 1/2-1/2

[Event "Titled Tue 1st Jul Late"]
[Site "chess.com INT"]
[Date "2025.07.01"]
[Round "4"]
[White "Demchenko, Yaroslav"]
[Black "Haug, Havard"]
[Result "0-1"]
[WhiteTitle "CM"]
[BlackTitle "FM"]
[WhiteElo "2263"]
[BlackElo "2354"]
[WhiteFideId "14186667"]
[BlackFideId "1547887"]
[EventDate "2025.07.01"]

1. Nf3 Nf6 2. b3 b5 3. Bb2 Bb7 4. e3 a6 5. d4 e6 6. Bd3 Be7 7. Nbd2 d5 8. O-O
O-O 9. Re1 Nbd7 10. e4 dxe4 11. Nxe4 Nxe4 12. Bxe4 Bxe4 13. Rxe4 c5 14. dxc5
Nxc5 15. Rg4 f6 16. Qe2 e5 17. Rd1 Qc8 18. Nxe5 fxe5 19. Bxe5 Bf6 20. Bd6 Re8
21. Qf3 Qe6 22. h3 Ne4 23. Re1 Qxd6 24. Rexe4 Rxe4 25. Qxe4 Rd8 26. g3 Qd1+ 27.
Kh2 Qd5 28. Qf4 Qf7 29. c4 bxc4 30. bxc4 Bd4 31. Qxf7+ Kxf7 32. Kg2 Bf6 33. Re4
Rd2 34. a4 Ra2 35. c5 Rc2 36. Rb4 Rxc5 37. Rb7+ Kg6 38. h4 a5 39. Ra7 h5 40. Ra6
Kh7 41. Kf3 Bc3 42. Ke4 Bb4 43. Kf3 Rc3+ 44. Kf4 Ra3 45. Kg5 Rxa4 46. f4 Ra3 47.
Kxh5 Rxg3 48. f5 Rf3 49. Kg4 Rf1 50. h5 Bd2 51. Rd6 Bb4 52. Ra6 Ra1 53. Rb6 Bc3
54. Rc6 Bf6 55. Rc8 a4 56. h6 a3 57. hxg7 Kxg7 58. Rc7+ Kf8 59. Rc8+ Ke7 60.
Rc7+ Kd6 61. Rf7 a2 62. Rxf6+ Ke7 63. Re6+ Kf7 64. Ra6 Rg1+ 65. Kf4 Rf1+ 66. Ke3
Re1+ 67. Kd2 a1=R 0-1

[Event "Titled Tue 1st Jul Late"]
[Site "chess.com INT"]
[Date "2025.07.01"]
[Round "4"]
[White "Sitbon, Itay"]
[Black "Zhuravlev, Alexey"]
[Result "1/2-1/2"]
[BlackTitle "FM"]
[WhiteElo "2206"]
[BlackElo "2359"]
[WhiteFideId "2820706"]
[BlackFideId "4164199"]
[EventDate "2025.07.01"]

1. d4 Nf6 2. Nc3 d5 3. Bf4 c5 4. e4 dxe4 5. dxc5 Qxd1+ 6. Rxd1 Bg4 7. f3 exf3 8.
Nxf3 a6 9. Bc4 Bxf3 10. gxf3 Nc6 11. Kf2 e6 12. Na4 Nd7 13. Rxd7 Kxd7 14. Nb6+
Ke8 15. Nxa8 Bxc5+ 16. Be3 Bxe3+ 17. Kxe3 b5 18. Bd3 Kd7 19. Rd1 Rxa8 20. Bxb5+
Kc7 21. Ba4 Rb8 22. Bxc6 Kxc6 23. b3 Rb5 24. Rd4 Rh5 25. h4 f5 26. a4 e5 27.
Rc4+ Kb6 28. b4 h6 29. c3 g6 30. a5+ Kb7 31. Rc5 Rxh4 32. Rxe5 Rc4 33. Kd3 Rc6
34. Re7+ Rc7 35. Re8 h5 36. Rg8 Rc6 37. Rg7+ Kc8 38. f4 Re6 39. c4 Kb8 40. b5
axb5 41. cxb5 Re4 42. a6 Rb4 43. Rxg6 Rxb5 44. Rh6 Ka7 45. Rxh5 Kxa6 46. Kd4 Kb6
47. Rh6+ Kc7 48. Re6 Kd7 49. Re5 Rb4+ 50. Ke3 Re4+ 51. Rxe4 fxe4 52. Kxe4 Ke6
53. Ke3 Kf5 54. Kf3 Kf6 55. Kg4 Kg6 56. Kg3 Kf5 57. Kf3 Kf6 58. Ke4 Ke6 59. f5+
Kf6 60. Kf4 Kf7 61. Kg5 Kg7 62. Kg4 Kf6 63. Kf4 Kf7 64. Ke5 Ke7 65. f6+ Kf7 66.
Kf5 Kf8 67. Ke5 Kf7 68. Kf5 Kf8 69. Kg6 Kg8 70. Kg5 Kf7 71. Kf5 1/2-1/2

[Event "Titled Tue 1st Jul Late"]
[Site "chess.com INT"]
[Date "2025.07.01"]
[Round "4"]
[White "Shandrygin, Nikita"]
[Black "Dambaev, Dashi"]
[Result "0-1"]
[WhiteTitle "FM"]
[BlackTitle "CM"]
[WhiteElo "2209"]
[BlackElo "2211"]
[WhiteFideId "24198668"]
[BlackFideId "55628494"]
[EventDate "2025.07.01"]

1. Nf3 d5 2. g3 c6 3. d4 Bg4 4. Bg2 Nd7 5. O-O Ngf6 6. b3 e6 7. Bb2 Bd6 8. Nbd2
O-O 9. Ne5 Bf5 10. f4 Ng4 11. Nxg4 Bxg4 12. h3 Bh5 13. g4 Bg6 14. e4 Bxe4 15.
Nxe4 dxe4 16. Bxe4 Qh4 17. Bg2 Nf6 18. Qe2 Nd5 19. Qe4 Rae8 20. c4 f5 21. Qe1
Qxe1 22. Raxe1 Nxf4 23. Rf3 g5 24. Bf1 h5 25. Rfe3 hxg4 26. hxg4 fxg4 27. c5 Bc7
28. Bc1 g3 29. a3 Rf7 30. Bc4 Nh3+ 31. Kg2 g4 32. R1e2 Nf4+ 33. Kg1 Nxe2+ 34.
Rxe2 Rf6 35. Bg5 Rg6 36. Bh4 Kf7 37. Kg2 Rh8 38. Bxg3 Bxg3 39. Kxg3 Rh3+ 40. Kg2
Rf6 41. Re4 Rg6 42. a4 Rc3 43. a5 g3 44. Re2 Rf6 45. a6 bxa6 46. Ra2 Rf2+ 47.
Rxf2+ gxf2 48. Kxf2 a5 49. Ke2 Rg3 50. Kd2 Kf6 51. Kc2 Rh3 52. Ba6 Rh7 53. Kc3
e5 54. Bd3 exd4+ 55. Kxd4 Rd7+ 56. Kc4 Ke5 57. Be2 Rd4+ 58. Kc3 Rh4 59. Bf1 Kd5
60. Bg2+ Kxc5 61. Kd3 Rg4 62. Bh1 Rg3+ 63. Kc2 Kb5 64. Be4 c5 65. Bd5 Kb4 66.
Kb2 Rh3 67. Kb1 Rh2 68. Ka1 a4 69. bxa4 Kxa4 70. Kb1 Kb4 71. Kc1 c4 72. Kd1 c3
73. Kc1 Rd2 74. Kb1 Rxd5 0-1

[Event "Titled Tue 1st Jul Late"]
[Site "chess.com INT"]
[Date "2025.07.01"]
[Round "4"]
[White "Manukian, Artak"]
[Black "Linares Orellana, Hector Jose"]
[Result "1-0"]
[BlackTitle "FM"]
[WhiteElo "2104"]
[BlackElo "2111"]
[WhiteFideId "13301373"]
[BlackFideId "7304307"]
[EventDate "2025.07.01"]

1. e4 e5 2. Nf3 Nc6 3. d4 exd4 4. Nxd4 Nf6 5. Nxc6 bxc6 6. e5 Nd5 7. Bd3 Qe7 8.
O-O g6 9. Nd2 Bg7 10. Nf3 O-O 11. Bg5 f6 12. exf6 Bxf6 13. Re1 Qg7 14. Bxf6 Qxf6
15. Bc4 Bb7 16. Qd4 Kh8 17. Bxd5 cxd5 18. b4 a6 19. Re7 Bc6 20. Rae1 Kg8 21. h4
Qxd4 22. Nxd4 Ba4 23. h5 Rf7 24. hxg6 hxg6 25. c3 Raf8 26. Rxf7 Kxf7 27. f4 Ra8
28. Kf2 a5 29. a3 axb4 30. axb4 Ra6 31. Ra1 Bb5 32. Rxa6 Bxa6 33. Ke3 Bc4 34.
Nf3 d6 35. Kd4 Kf6 36. g4 Be2 37. Nh2 Bc4 38. Ke3 c6 39. Nf3 c5 40. bxc5 dxc5
41. Ne5 Bb3 42. Nd7+ Ke7 43. Nxc5 Bc4 44. Kd4 Kd6 45. Ne4+ Ke6 46. Nd2 Be2 47.
g5 Kf5 48. Ke3 Bb5 49. Nb3 Bc4 50. Nd4+ Kg4 51. Ne6 Kf5 52. Nd8 Kg4 53. Nb7 Kf5
54. Nd6+ Kg4 55. Nxc4 dxc4 56. Ke4 Kh5 57. Ke5 Kg4 58. Kf6 Kxf4 59. Kxg6 Ke3 60.
Kh7 Kd3 61. g6 Kxc3 62. g7 Kb2 63. g8=Q c3 64. Qb8+ Kc1 65. Qf4+ Kb1 66. Qb4+
Kc2 67. Kg6 Kd3 68. Qd6+ Kc2 69. Kf5 Kb1 70. Qb4+ Kc2 71. Ke4 Kd2 72. Kd4 Ke2
73. Qxc3 1-0

[Event "Titled Tue 1st Jul Late"]
[Site "chess.com INT"]
[Date "2025.07.01"]
[Round "4"]
[White "Li, Ben"]
[Black "Mottola, Max"]
[Result "0-1"]
[WhiteTitle "IM"]
[WhiteElo "2356"]
[BlackElo "2247"]
[WhiteFideId "2089980"]
[BlackFideId "30985862"]
[EventDate "2025.07.01"]

1. d4 d5 2. Nf3 Nf6 3. c4 c6 4. Nc3 a6 5. c5 Nbd7 6. Bf4 Nh5 7. Bd2 Nhf6 8. Qc2
g6 9. g3 Bg7 10. Bg2 O-O 11. O-O Ne8 12. Rad1 e5 13. Nxe5 Nxe5 14. dxe5 Bxe5 15.
e4 d4 16. Na4 Be6 17. b4 Nc7 18. Bh6 Re8 19. f4 Bg7 20. Bxg7 Kxg7 21. Nb6 Rb8
22. a4 a5 23. bxa5 Na6 24. f5 Bc8 25. f6+ Kh8 26. Qd2 Nxc5 27. Qf4 Be6 28. Qh6
Rg8 29. e5 Bg4 30. Rd2 g5 31. Bf3 Rg6 32. Qxg6 hxg6 33. Bxg4 d3 34. Kg2 Ne4 35.
Rdd1 d2 36. Bd7 Qc7 37. Rf3 Qxe5 38. Re3 Qd4 39. Re2 Rd8 40. Kf3 Nxf6 41. Rexd2
Qe4+ 42. Kf2 Nxd7 43. Nxd7 Qf5+ 44. Kg2 Re8 45. Nb6 Qe4+ 46. Kf2 g4 47. Nd7 Qf3+
48. Kg1 Re2 49. Rxe2 Qxe2 50. Rf1 f5 51. Nb6 Qe3+ 52. Kg2 Qe4+ 53. Kg1 Qb4 54.
Kg2 Qxa5 55. Nc4 Qxa4 56. Ne3 Qe4+ 57. Kf2 b5 58. Ke2 b4 59. Rc1 b3 60. Rc4 Qe5
61. Rb4 b2 62. Kd2 c5 63. Rb7 Qd4+ 64. Ke2 c4 65. Rb8+ Kg7 66. Rb7+ Kf8 67. Rb8+
Ke7 68. Nd1 c3 69. Rb7+ Kd8 70. Rb3 Qd2+ 71. Kf1 Qxd1+ 72. Kg2 Qxb3 73. h3 c2
74. h4 c1=N 75. Kh2 b1=N 76. Kh1 Nc3 77. Kh2 Nd3 78. Kh1 Qc2 79. h5 Nf2+ 80. Kh2
Nh3+ 81. Kh1 Ne2 82. Kh2 Nxg3+ 83. Kxg3 Qf2# 0-1

[Event "Titled Tue 1st Jul Late"]
[Site "chess.com INT"]
[Date "2025.07.01"]
[Round "4"]
[White "Bagheri, Maziar"]
[Black "Lissang, Christopher"]
[Result "1/2-1/2"]
[WhiteTitle "FM"]
[BlackTitle "FM"]
[WhiteElo "2287"]
[BlackElo "2317"]
[WhiteFideId "12530913"]
[BlackFideId "1709615"]
[EventDate "2025.07.01"]

1. e4 c5 2. Nf3 Nc6 3. Bb5 e6 4. c4 Nge7 5. O-O a6 6. Ba4 Qc7 7. Nc3 Nd4 8. Re1
Nec6 9. d3 Nxf3+ 10. Qxf3 Nd4 11. Qg4 h5 12. Qg5 Bd6 13. e5 Bf8 14. Ne4 b5 15.
Bd1 Nf5 16. Bf3 Bb7 17. Nd6+ Bxd6 18. exd6 Qb6 19. Qxf5 O-O-O 20. Bxb7+ Qxb7 21.
Qe4 Qa7 22. cxb5 axb5 23. a4 b4 24. Be3 Kb8 25. Rec1 Rc8 26. d4 c4 27. d5 Qa6
28. dxe6 fxe6 29. Qd4 Rc6 30. Qxg7 Rd8 31. Qd4 Rdc8 32. a5 Rxd6 33. Bf4 Rc6 34.
Bxd6+ Rxd6 35. Qxc4 Rd1+ 36. Rxd1 Qxc4 37. Rxd7 Qa6 38. Rh7 b3 39. Rd1 Qxa5 40.
Rh8+ Kc7 41. Rh7+ Kc6 42. g3 Qf5 43. Rc1+ Kd6 44. Rhc7 Qe4 45. R1c3 Qb1+ 46. Kg2
Qxb2 47. R7c6+ Ke7 48. Rc7+ Kf6 49. Rf3+ Ke5 50. Rb7 Qc2 51. Rbxb3 Qc6 52. Re3+
Kd6 53. h4 Ke7 54. Kh2 Qc2 55. Rf4 Qd2 56. Kg1 Qd1+ 57. Kg2 Qd5+ 58. Kf1 Qd1+
59. Re1 Qd3+ 60. Kg1 Qd2 61. Rfe4 Kf7 62. Rxe6 Qb4 63. Re7+ Kf6 64. R1e6+ Kf5
65. Re5+ Kg4 66. Re4+ Kh3 67. Re1 Qc4 68. R7e4 Qd5 69. Kf1 Qd3+ 70. R1e2 Qd1+
71. Re1 Qd3+ 72. Kg1 Qf3 73. Kf1 Qd3+ 1/2-1/2

[Event "Titled Tue 1st Jul Late"]
[Site "chess.com INT"]
[Date "2025.07.01"]
[Round "4"]
[White "Tekeyev, Zaur"]
[Black "Becking, Stephan"]
[Result "1-0"]
[WhiteTitle "IM"]
[BlackTitle "IM"]
[WhiteElo "2407"]
[BlackElo "2410"]
[WhiteFideId "4199731"]
[BlackFideId "4632478"]
[EventDate "2025.07.01"]

1. d4 Nf6 2. Nf3 d5 3. c4 e6 4. Nc3 c6 5. e3 Nbd7 6. Qc2 Bb4 7. Bd3 Qe7 8. O-O
dxc4 9. Bxc4 e5 10. a3 Bd6 11. h3 O-O 12. Ba2 b6 13. Bd2 Bb7 14. dxe5 Nxe5 15.
Nxe5 Bxe5 16. Rae1 Ba6 17. f4 Bxc3 18. Bxc3 Bxf1 19. Kxf1 Nd5 20. Bd2 Rac8 21.
e4 Nf6 22. Bc3 Rfe8 23. Bb1 Qc5 24. e5 Qc4+ 25. Kg1 Qxf4 26. exf6 Rxe1+ 27. Bxe1
g6 28. Qf2 Qc1 29. Bd3 Re8 30. Kf1 Re6 31. g4 Qg5 32. Bc3 Qd5 33. Qg3 h6 34. Kf2
Qc5+ 35. Kf1 Qd5 36. Kg1 Rd6 37. Bf1 g5 38. Qf2 Re6 39. Qg2 Qc5+ 40. Qf2 Qd6 41.
Kg2 Qd5+ 42. Qf3 Qd6 43. Bd3 Qf4 44. Qxf4 gxf4 45. Bf5 Re3 46. Bd7 c5 47. Bb5
Rg3+ 48. Kh2 Rf3 49. Bc6 Re3 50. Kg2 Rg3+ 51. Kf2 Rxh3 52. Bf3 Rh2+ 53. Bg2 h5
54. gxh5 Rxh5 55. Kf3 Rg5 56. Bf1 Rg1 57. Bc4 Kf8 58. Kxf4 Rh1 59. Ke5 Rh4 60.
Bd5 Rh5+ 61. Kd6 Rg5 62. Kc6 Rg4 63. Be5 Kg8 64. Bc3 Rg5 65. Bc4 Rh5 66. Ba6 c4
67. Kb7 Rc5 68. Kxa7 Rc6 69. Kb7 Re6 70. Bxc4 Re4 71. Bd5 Rf4 72. Kxb6 Rf5 73.
Bc6 Rf4 74. a4 Rf5 75. a5 Rf4 76. a6 Rb4+ 77. Bxb4 1-0